| 000 | 01283nam a22003737a 4500 | ||
|---|---|---|---|
| 003 | CHAP | ||
| 005 | 20220329134701.0 | ||
| 008 | 971013s1970 r 00010 d | ||
| 010 | _a24173 | ||
| 011 | _a25145 | ||
| 035 | _a29245 | ||
| 040 | _cCHAP | ||
| 082 |
_a636.0896 _bH33Y 1970 |
||
| 100 | 0 | 0 |
_aHagan, William Arthur. _952214 |
| 245 | _aEnfermedades infecciosas de los animales domésticos, con especial referencia a etiología, diagnóstico y terapéutica | ||
| 250 | _a3 ed. | ||
| 260 |
_aMéxico, D.F. : _bPrensa Médica Mexicana, _c1970 |
||
| 300 |
_a1040 p. _b: ilus. |
||
| 500 | _aTrad. de la 5 ed. en inglés | ||
| 590 |
_aBATCH-UPD _b10 _c20130110 _lUCH01 _h1022 |
||
| 590 |
_aBATCH-UPD _b10 _c20130410 _lUCH01 _h0627 |
||
| 590 |
_aBATCH-UPD _b10 _c20130914 _lUCH01 _h0518 |
||
| 590 |
_aCONVERSION _b10 _c20130109 _lUCH01 _h1314 |
||
| 650 | 1 | 4 |
_aBacteriología veterinaria. _99338 |
| 650 | 1 | 4 |
_aEnfermedades infecciosas en animales. _936936 |
| 650 | 1 | 4 |
_aMicroorganismos patógenos. _975528 |
| 650 | 1 | 4 |
_aVeterinaria. _9118987 |
| 650 | 1 | 4 |
_aVirus. _9119936 |
| 700 | 0 |
_aBruner, Dorsey William. _915775 |
|
| 700 | 0 |
_aGillespie, James Howard. _948024 |
|
| 901 | _aBK | ||
| 942 | _cLIBRO | ||
| 949 |
_a636.0896 H33Y 1970 _bBC _cLIBRO _d-67634 _eLIBRO _h27885 _i29245 _mD _si |
||
| 999 |
_c24173 _d24173 |
||